Responses for Show #7456 - Monday, January 30, 2017

Lisa Schlitt game 2.

Contestants

[<< previous game]

Valerie Connors, a relationship marketing specialist and stay-at-home mom from Owings Mills, Maryland

Joe Di Dio, a daylight engineer and stay-at-home dad from Queens, New York

Lisa Schlitt, a microbiologist from Berwyn, Pennsylvania (whose 1-day cash winnings total $27,600)

[next game >>]

Jeopardy! Round responses

ROUTE '60-SOMETHING
NOVEL VOCABULARY
YES, MR. MOVIE PRESIDENT
7 LETTERS, ONLY ONE VOWEL
ICE CREAM
CONES
    $200 23
the Freedom Riders

Valerie
    $200 6
wuthering

Lisa
    $200 16
(Daniel) Day-Lewis

Joe
    $200 11
scratch

Triple Stumper
    $200 1
rocky road

Valerie
    $200 13
a sea snail

Lisa
    $2,000 24
(Alex: Valerie?)
(Valerie: Oh, from--)

Athens and Rome

Valerie
    $400 7
Louisa May Alcott

Lisa
    $400 17
(Alex: Why, you're gonna call [*]. One of the Ghostbusters.)

Bill Murray

Triple Stumper
    $400 12
Stretch

Triple Stumper
    $400 2
Chunky Monkey

Lisa
    $400 14
a Bunsen burner

Lisa
    $600 25
(Alex: Less than a minute now.)

sail around the world

Valerie
    $600 8
(Lisa: What is a lefty?)

left-handed

Lisa
Triple Stumper
    $600 18
Amistad

Joe
    $600 3
Good Humor

Lisa
    $600 15
a collar

Joe
    $800 26
Yuri Gagarin

Valerie
    $800 9
a carriage (or coach)

Lisa
    $800 19
Teddy Roosevelt

Lisa
    $800 4
a Klondike bar

Joe
    $800 20
a pylon

Triple Stumper
    $1000 27
[The end-of-round signal sounds.]

the Magic Bus

Triple Stumper
    $1000 10
an alloy

Lisa
    $1000 22
Alan Rickman

Valerie
    $1000 5
(Joe: What is Breyer's?)

Edy's

LisaJoe
    $1000 21
a sonic boom

Valerie

Scores at the first commercial break (after clue 15):

Lisa Joe Valerie
$4,400 $400 $200

Scores at the end of the Jeopardy! Round:

Lisa Joe Valerie
$5,200 $1,200 $1,800

Double Jeopardy! Round responses

SLIDESHOW BOB
CHEMISTRY
COMIC STRIP CANINES
ECONOMICS
NEW BRUNSWICK
HERE'S 2 "U"!
    $400 21
Bob Dole

Joe
    $400 12
photosynthesis

Joe
    $400 7
Dogbert

Lisa
    $400 26
minimum wage

Lisa
    $400 1
English and French

Joe
    $400 6
the uterus

Lisa
    $5,000 22
(Alex: Joe?)
(Joe: Who is Lovell?)

Robert Goddard

Joe
    $2,000 13
liquid

Joe
    $800 8
Jughead

Valerie
    $800 27
competition

Triple Stumper
    $800 2
a fly

Triple Stumper
    $800 15
succulent

Lisa
    $1200 23
(Alex: Less than a minute now.)

(Robert) Mondavi

Joe
    $1200 14
pressure

Lisa
    $1200 9
Marmaduke

Valerie
    $1200 28
[The end-of-round signal sounds.]

the Netherlands

Lisa
    $1200 3
(Joe: What is Frederictown?)
[Originally ruled correct, ruled incorrect before the first Daily Double]

Fredericton

Joe
Triple Stumper
    $1200 16
(Joe: What is crocus?)

buttercup

Joe
Triple Stumper
    $1600 24
Robert McNamara

Lisa
    $1600 19
(Lisa: What is a crystalline solid? Or what is [*]?)

a crystal

Lisa
    $1600 10
Mutts

Lisa
    $1600 4
tides

Joe
    $1600 17
the Nautilus

Joe
    $2000 25
Robert Graves

Triple Stumper
    $2000 20
calcium sulfate

Joe
    $2000 11
Spike

Valerie
    $2000 5
(Joe: What is Montebello?)

Campobello

Joe
Triple Stumper
    $2000 18
Zulu

Joe

Scores at the end of the Double Jeopardy! Round:

Lisa Joe Valerie
$14,400 $3,400 $5,800
(lock game)

[wagering suggestions for these scores]

Final Jeopardy! Round responses

NAMES IN AMERICAN HISTORY
(Alex: It was a colony for debtors, and it was in Georgia.)
JoeWho was William Penn
$3,400
ValerieWho is Raleigh
$1,000
LisaWho is Oglethorpe?
$1,000
James Oglethorpe

Final scores:

Lisa Joe Valerie
$15,400 $0 $4,800
2-day champion: $43,000 3rd place: $1,000 2nd place: $2,000

Game dynamics:

Coryat scores:

Lisa Joe Valerie
$14,400 $7,200 $7,800
19 R,
1 W
13 R
(including 1 DD),
5 W
(including 1 DD)
9 R,
1 W
(including 1 DD)

Combined Coryat: $29,400

[game clues] [game scores] [suggest correction]

Game tape date: 2016-11-08
The J! Archive is created by fans, for fans. Scraping, republication, monetization, and malicious use prohibited; this site may use cookies and collect identifying information. See terms. The Jeopardy! game show and all elements thereof, including but not limited to copyright and trademark thereto, are the property of Jeopardy Productions, Inc. and are protected under law. This website is not affiliated with, sponsored by, or operated by Jeopardy Productions, Inc. Join the discussion at JBoard.tv.